Rupaul's Drag Race Winners - Statistics

General Stats
  • This quiz has been taken 149 times
    58 since last reset
  • The average score is 34 of 71
Answer Stats
Hint Answer % Correct
AS2 Alaska
94%
USAS10 Aquaria
94%
USAS6 Bianca Del Rio
94%
USAS2 Tyra Sanchez
94%
USAS8 Bob the Drag Queen
91%
ESPANA2 Sharonne
91%
USAS4 Sharon Needles
91%
USAS7 Violet Chachki
91%
AS1 Chad Michaels
89%
USAS5 Jinkx Monsoon
89%
USAS3 Raja
89%
USAS9 Sasha Velour
89%
UK1 The Vivienne
89%
AS4 Trinity the Tuck
89%
AS3 Trixie Mattel
89%
USAS11 Yvie Oddly
89%
AS4 Monet X Change
87%
USAS12 Jaida Essence Hall
85%
USAS1 Bebe Zahara Benet
83%
AS7 Jinkx Monsoon
83%
USA15 Sasha Colby
74%
USA14 Willow Pill
74%
AS5 Shea Coulee
72%
USAS13 Symone
72%
AS6 Kylie Sonique Love
70%
UK2 Lawrence Chaney
64%
CDR1 Priyanka
64%
UK3 Krystal Versace
55%
AS8 Jimbo
53%
UKVSW1 Blu Hydrangea
51%
CDR2 Icesis Couture
47%
USA16 Nymphia Wind
45%
UK4 Danny Beard
43%
DU1 Kita Mean
43%
DRH1 Envy Peru
38%
ESPANA1 Carmen Farala
36%
CVSW2 Lemon
36%
CVSW1 Rajah O'Hara
36%
UKVSW2 Tia Kofi
36%
TH2 Angele Anang
34%
UK5 Ginger Johnson
34%
FRANCE2 Keiona
32%
CDR3 Gisele Lullaby
30%
FRANCE1 Paloma
30%
PHILIPPINES1 Precious Paula Nicole
28%
DU2 Spankie Jackzon
28%
DRH2 Vanessa Van Cartier
28%
ITALIA1 Elecktra Bionic
26%
AS9 Angeria Paris VanMicheals
23%
UK6 Kyran Thrax
23%
TH1 Natalia Pliacam
23%
GLOBAL AS1 Alyssa Edwards
21%
PHILIPPINES2 Captivating KatKat
21%
FRANCE3 Le Filip
21%
DU3 Isis Avis Loren
19%
ESPANA3 Pitita
19%
ITALIA2 La Diamond
17%
DU4 Lazy Susan
17%
ITALIA3 Lina Galore
17%
PHILIPPINES3 Maxie
17%
CDR4 Venus
17%
SVERIGE Admira Thunderpussy
15%
BELGIQUE Drag Couenne
15%
ESPANA4 Le Coco
15%
ESP AS1 Drag Sethlas
13%
GERMANY1 Pandora Nox
13%
BELGIQUE2 Alvilda
9%
MEXICO1 Cristian Peralta
9%
BRASIL1 Organzza
9%
DRT3 Frankie Wonga
6%
MEXICO2 Leexa Fox
4%
No matching quizzes found
Score Distribution
Percent of People with Each Score
Percentile by Number Answered
Your Score History
You have not taken this quiz since the last reset